[Event "Bad Griesbach Seniors op 23rd"]
[Site "Bad Griesbach"]
[Date "2021.11.15"]
[Round "2"]
[White "Boldt, Heinrich"]
[Black "Sierian, Peter"]
[Result "1/2-1/2"]
[WhiteElo "1834"]
[BlackElo "1780"]
[PlyCount "110"]
[EventDate "2021.11.14"]
[EventType "swiss"]
[EventRounds "7"]
[EventCountry "GER"]
[SourceTitle "EXT 2024"]
[Source "ChessBase"]
[SourceDate "2023.10.10"]
[SourceVersion "1"]
[SourceVersionDate "2023.10.10"]
[SourceQuality "1"]

1. d4 d5 2. Bf4 Bf5 3. e3 e6 4. c4 Nf6 5. Nc3 c6 6. Bd3 Bxd3 7. Qxd3 Bd6 8. b3 Bxf4 9. exf4 g6 10. Nf3 Nbd7 11. Ne5 Qa5 12. 0-0 0-0 13. c5 Qc7 14. Rac1 Nh5 15. g3 f5 16. Rce1 Nxe5 17. Rxe5 Rae8 18. Rfe1 Qd7 19. Qe2 Ng7 20. b4 a6 21. a4 Ra8 22. Rb1 Rfb8 23. Re3 b5 24. cxb6 Rxb6 25. a5 Rbb8 26. Na4 Qd6 27. Nc5 Rb5 28. Nxe6 Rxb4 29. Rxb4 Qxb4 30. Nxg7 Kxg7 31. Re7+ Kf8 32. Rxh7 Kg8 33. Rd7 Qb1+ 34. Kg2 Qe4+ 35. Qxe4 dxe4 36. Rc7 Rd8 37. Rxc6 Kf7 38. Rxa6 Rxd4 39. Rb6 Rd2 40. Kf1 e3 41. fxe3 Rxh2 42. a6 Ra2 43. Rb7+ Ke6 44. a7 Kd5 45. Re7 Kd6 46. Rg7 Kd5 47. a8Q+ Rxa8 48. Kf2 Ra6 49. Kf3 Re6 50. Ra7 Rc6 51. Re7 Re6 52. Rxe6 Kxe6 53. g4 Kf6 54. g5+ Ke6 55. Ke2 Kd6 1/2-1/2

[Event "Arco op 40th"]
[Site "Arco"]
[Date "2018.10.14"]
[Round "2"]
[White "Moro, Roberto"]
[Black "Boldt, Heinrich"]
[Result "1/2-1/2"]
[WhiteElo "1664"]
[BlackElo "1871"]
[PlyCount "68"]
[EventDate "2018.10.13"]
[EventType "swiss"]
[EventRounds "9"]
[EventCountry "ITA"]
[SourceTitle "CBM 186 Extra"]
[Source "ChessBase"]
[SourceDate "2018.08.24"]
[SourceVersion "1"]
[SourceVersionDate "2018.08.24"]
[SourceQuality "1"]

1. e4 c5 2. Nf3 Nc6 3. Bb5 g6 4. 0-0 Bg7 5. Bxc6 bxc6 6. d3 d5 7. c3 Qc7 8. h3 e6 9. Be3 dxe4 10. dxe4 Ba6 11. Re1 Rd8 12. Qc2 Bd3 13. Qa4 Bb5 14. Qa3 Bf8 15. Bxc5 Bxc5 16. Qxc5 Ne7 17. Na3 Ba6 18. Rad1 0-0 19. Qg5 f6 20. Qh6 Rxd1 21. Rxd1 Be2 22. Rd2 Bxf3 23. gxf3 g5 24. Nc4 Ng6 25. Qh5 Rd8 26. Rxd8+ Qxd8 27. Qg4 Qd1+ 28. Kh2 Nf4 29. Ne3 Qe2 30. Qg3 Qxb2 31. h4 h6 32. hxg5 hxg5 33. Ng4 Qxc3 34. e5 Kf7 1/2-1/2

[Event "Guernsey op 43rd"]
[Site "Vale"]
[Date "2017.10.20"]
[Round "6"]
[White "Morcom, Huw"]
[Black "Boldt, Heinrich"]
[Result "1/2-1/2"]
[WhiteElo "1936"]
[BlackElo "1835"]
[PlyCount "34"]
[EventDate "2017.10.15"]
[EventType "swiss"]
[EventRounds "7"]
[EventCountry "GCI"]
[SourceTitle "CBM 181 Extra"]
[Source "ChessBase"]
[SourceDate "2017.12.12"]
[SourceVersion "1"]
[SourceVersionDate "2017.12.12"]
[SourceQuality "1"]

1. e4 d6 2. d4 Nf6 3. Nd2 e5 4. c3 Nbd7 5. Ngf3 Be7 6. Bd3 c6 7. 0-0 0-0 8. Re1 Qc7 9. Nf1 h6 10. Ng3 Nh7 11. Nf5 Bf6 12. h3 Re8 13. Nh2 Bg5 14. Qf3 Ndf6 15. h4 Bxc1 16. Raxc1 Bxf5 17. Qxf5 Qd7 1/2-1/2

[Event "Guernsey op 43rd"]
[Site "Vale"]
[Date "2017.10.17"]
[Round "3"]
[White "Boldt, Heinrich"]
[Black "Prill, Gerhard"]
[Result "1/2-1/2"]
[WhiteElo "1835"]
[BlackElo "1948"]
[PlyCount "39"]
[EventDate "2017.10.15"]
[EventType "swiss"]
[EventRounds "7"]
[EventCountry "GCI"]
[SourceTitle "CBM 181 Extra"]
[Source "ChessBase"]
[SourceDate "2017.12.12"]
[SourceVersion "1"]
[SourceVersionDate "2017.12.12"]
[SourceQuality "1"]

1. d4 Nf6 2. Nf3 e6 3. Bf4 d5 4. e3 Bd6 5. Bd3 Bxf4 6. exf4 Qd6 7. Qd2 b6 8. Nc3 c6 9. 0-0 0-0 10. Ne5 Ba6 11. Rae1 Bxd3 12. Qxd3 c5 13. Nb5 Qd8 14. dxc5 a6 15. Nc3 bxc5 16. b3 Ra7 17. f5 Re7 18. Re2 Qd6 19. Rfe1 Rd8 20. f4 1/2-1/2

[Event "Guernsey op 43rd"]
[Site "Vale"]
[Date "2017.10.15"]
[Round "1"]
[White "Boldt, Heinrich"]
[Black "Thurlow, Kevin J"]
[Result "1/2-1/2"]
[WhiteElo "1835"]
[BlackElo "2009"]
[PlyCount "53"]
[EventDate "2017.10.15"]
[EventType "swiss"]
[EventRounds "7"]
[EventCountry "GCI"]
[SourceTitle "CBM 181 Extra"]
[Source "ChessBase"]
[SourceDate "2017.12.12"]
[SourceVersion "1"]
[SourceVersionDate "2017.12.12"]
[SourceQuality "1"]

1. d4 Nf6 2. Bf4 e6 3. e3 c5 4. c3 d5 5. Nf3 Nc6 6. Nbd2 Bd6 7. Bg5 h6 8. Bh4 Qc7 9. Bd3 Bd7 10. dxc5 Bxc5 11. b4 Be7 12. Bg3 Bd6 13. Rc1 Rc8 14. 0-0 a6 15. e4 Bxg3 16. fxg3 Qb6+ 17. Kh1 Ng4 18. Qe1 d4 19. Nc4 Qc7 20. cxd4 b5 21. Nce5 Ngxe5 22. Nxe5 0-0 23. Nxc6 Bxc6 24. d5 Qd7 25. dxc6 Qxd3 26. Rf3 Qd6 27. Qc3 1/2-1/2

[Event "Guernsey op 42nd"]
[Site "Vale"]
[Date "2016.10.21"]
[Round "6"]
[White "Boldt, Heinrich"]
[Black "Spanton, Timothy"]
[Result "1/2-1/2"]
[WhiteElo "1874"]
[BlackElo "1969"]
[PlyCount "62"]
[EventDate "2016.10.16"]
[EventType "swiss"]
[EventRounds "7"]
[EventCountry "GCI"]
[SourceTitle "CBM 175 Extra"]
[Source "ChessBase"]
[SourceDate "2016.12.12"]
[SourceVersion "1"]
[SourceVersionDate "2016.12.12"]
[SourceQuality "1"]

1. d4 d5 2. Nf3 Nc6 3. Bf4 Bg4 4. e3 e6 5. h3 Bh5 6. c4 Bd6 7. Bxd6 Qxd6 8. c5 Qe7 9. Be2 Nf6 10. 0-0 0-0 11. Nh2 Bxe2 12. Qxe2 e5 13. dxe5 Nxe5 14. Rc1 Rfd8 15. Nd2 a5 16. Nhf3 Nc6 17. Qb5 Nb4 18. a3 c6 19. Qf1 Na6 20. Nb3 a4 21. Na5 Ne4 22. Nd4 Nexc5 23. Naxc6 bxc6 24. Nxc6 Qf6 25. Nxd8 Rxd8 26. Qb5 Nb3 27. Rc6 Qxb2 28. Rd1 Nb8 29. Rxd5 Rf8 30. Rcd6 Qc1+ 31. Kh2 g6 1/2-1/2

[Event "Guernsey op 42nd"]
[Site "Vale"]
[Date "2016.10.17"]
[Round "2"]
[White "Boldt, Heinrich"]
[Black "French, Max"]
[Result "0-1"]
[WhiteElo "1874"]
[BlackElo "1983"]
[PlyCount "70"]
[EventDate "2016.10.16"]
[EventType "swiss"]
[EventRounds "7"]
[EventCountry "GCI"]
[SourceTitle "CBM 175 Extra"]
[Source "ChessBase"]
[SourceDate "2016.12.12"]
[SourceVersion "1"]
[SourceVersionDate "2016.12.12"]
[SourceQuality "1"]

1. d4 Nf6 2. Bf4 e6 3. Nf3 c5 4. e3 Be7 5. Bd3 Nh5 6. Bg3 Nxg3 7. hxg3 d5 8. c3 Nc6 9. Nbd2 Bd7 10. Qc2 h6 11. Be2 Rc8 12. Ne5 cxd4 13. Nxc6 Rxc6 14. exd4 a6 15. Nf3 Bd6 16. Qd2 Qf6 17. Nh2 g5 18. Ng4 Qg7 19. Qe3 f6 20. 0-0-0 b5 21. a3 Ke7 22. Bf3 h5 23. Nh2 Kf7 24. Be2 b4 25. axb4 Bxb4 26. Kd2 Bd6 27. Ra1 h4 28. Ng4 hxg3 29. fxg3 Rb6 30. Rxh8 Qxh8 31. Rxa6 Rxb2+ 32. Ke1 Qh1+ 33. Kf2 Bb5 34. Rxd6 Rxe2+ 35. Qxe2 Bxe2 0-1

[Event "GER-chA Seniors 28th"]
[Site "Niederhausen"]
[Date "2016.08.20"]
[Round "8"]
[White "Ditmas, Hugh"]
[Black "Boldt, Heinrich"]
[Result "1-0"]
[WhiteElo "1981"]
[BlackElo "1865"]
[PlyCount "63"]
[EventDate "2016.08.13"]
[EventType "swiss"]
[EventRounds "9"]
[EventCountry "GER"]
[SourceTitle "EXT 2019"]
[Source "ChessBase"]
[SourceDate "2018.10.10"]
[SourceVersion "1"]
[SourceVersionDate "2018.10.10"]
[SourceQuality "1"]

1. d4 d5 2. c4 e6 3. Nf3 Nf6 4. Nc3 Nbd7 5. Bg5 Be7 6. e3 0-0 7. Rc1 b6 8. cxd5 exd5 9. Bd3 h6 10. Bh4 Bb7 11. 0-0 Ne4 12. Bxe7 Qxe7 13. Re1 f5 14. Qb3 c6 15. g3 g5 16. Bf1 Kg7 17. Bg2 Rf6 18. a4 Raf8 19. a5 b5 20. Rc2 a6 21. Qa3 Qxa3 22. bxa3 R8f7 23. Ne2 Kg6 24. Ne5+ Nxe5 25. dxe5 Re6 26. f3 Nxg3 27. hxg3 Rxe5 28. Nd4 Rf6 29. Kf2 Re8 30. Bf1 Rc8 31. Rc5 Rc7 32. Bd3 1-0

[Event "GER-chA Seniors 28th"]
[Site "Niederhausen"]
[Date "2016.08.19"]
[Round "7"]
[White "Boldt, Heinrich"]
[Black "Grigat, Klaus Dieter"]
[Result "1/2-1/2"]
[WhiteElo "1865"]
[BlackElo "1956"]
[PlyCount "79"]
[EventDate "2016.08.13"]
[EventType "swiss"]
[EventRounds "9"]
[EventCountry "GER"]
[SourceTitle "EXT 2019"]
[Source "ChessBase"]
[SourceDate "2018.10.10"]
[SourceVersion "1"]
[SourceVersionDate "2018.10.10"]
[SourceQuality "1"]

1. d4 g6 2. Bf4 Bg7 3. c3 d6 4. Nf3 Nf6 5. Nbd2 c5 6. e3 Nc6 7. Bb5 Bd7 8. 0-0 0-0 9. Qe2 Nh5 10. Bg5 a6 11. Bd3 b5 12. dxc5 dxc5 13. Rad1 f6 14. Bh4 Qc7 15. h3 f5 16. c4 b4 17. b3 e5 18. Bb1 e4 19. Nh2 Be5 20. f4 exf3 21. Ndxf3 Bf6 22. Bf2 Rad8 23. g4 Ng3 24. Bxg3 Qxg3+ 25. Qg2 Qxg2+ 26. Kxg2 Ne7 27. Rd6 fxg4 28. hxg4 Bc6 29. Rfd1 Rxd6 30. Rxd6 Be5 31. Re6 Bxh2 32. Kxh2 Bxf3 33. Rxe7 Bxg4 34. Kg3 Be2 35. Be4 Rc8 36. Bd5+ Kh8 37. e4 g5 38. e5 h5 39. Kf2 Bg4 40. Rf7 1/2-1/2

[Event "Bad Woerishofen Seniors op 32nd"]
[Site "Bad Woerishofen"]
[Date "2016.03.05"]
[Round "9"]
[White "Kurpiela, Franz"]
[Black "Boldt, Heinrich"]
[Result "0-1"]
[WhiteElo "1722"]
[BlackElo "1862"]
[PlyCount "162"]
[EventDate "2016.02.26"]
[EventType "swiss"]
[EventRounds "9"]
[EventCountry "GER"]
[SourceTitle "EXT 2019"]
[Source "ChessBase"]
[SourceDate "2018.10.10"]
[SourceVersion "1"]
[SourceVersionDate "2018.10.10"]
[SourceQuality "1"]

1. e4 g6 2. Nf3 d6 3. h3 Bg7 4. d4 Nf6 5. Bd3 Nbd7 6. Bg5 0-0 7. 0-0 a6 8. Re1 e5 9. c3 c5 10. Nbd2 b5 11. b3 h6 12. Bh4 Qb6 13. a4 Bb7 14. a5 Qc7 15. Bg3 Nh5 16. Bh2 Rae8 17. Be2 Nf4 18. d5 Nxe2+ 19. Qxe2 Nf6 20. g4 Bc8 21. Nh4 Qe7 22. Bg3 Nh7 23. Qe3 Qg5 24. Ndf3 Qxe3 25. Rxe3 Bf6 26. Kh2 Ng5 27. Nxg5 Bxg5 28. Re2 Kh7 29. Ng2 f5 30. exf5 gxf5 31. f3 fxg4 32. fxg4 Rf3 33. Rc2 Ref8 34. Raa2 Kg7 35. Ne1 Re3 36. Ng2 Rd3 37. Ne1 Rxd5 38. c4 bxc4 39. bxc4 Rd1 40. Rab2 Bf4 41. Ng2 Bxg3+ 42. Kxg3 Rd3+ 43. Kh2 Rff3 44. Ne1 Rxh3+ 45. Kg2 Rdg3+ 46. Kf2 Rxg4 47. Rb8 Bd7 48. Rb7 Rh2+ 49. Ke3 Rg3+ 50. Ke4 Rg4+ 51. Kf3 Rf4+ 52. Kg3 Rxc2 53. Nxc2 Rf8 54. Rb6 Be6 55. Ne3 Bc8 56. Rxd6 Bb7 57. Ng4 e4 58. Kh4 Bc8 59. Nxh6 Rf6 60. Rxf6 Kxf6 61. Kg3 Ke5 62. Nf7+ Kd4 63. Kf2 Be6 64. Nd6 Bxc4 65. Nf5+ Kc3 66. Ke3 Bd3 67. Nd6 Kb4 68. Nb7 c4 69. Nd8 Kxa5 70. Kd2 Kb4 71. Nc6+ Kb3 72. Kc1 e3 73. Nd4+ Kc3 74. Nf3 a5 75. Ne1 a4 76. Nc2 Kb3 77. Nd4+ Kb4 78. Nc6+ Kc5 79. Ne5 a3 80. Nd7+ Kd6 81. Nf6 a2 0-1

[Event "Bad Woerishofen Seniors op 32nd"]
[Site "Bad Woerishofen"]
[Date "2016.03.01"]
[Round "5"]
[White "Daeubler, Heinrich"]
[Black "Boldt, Heinrich"]
[Result "1-0"]
[WhiteElo "2159"]
[BlackElo "1862"]
[PlyCount "65"]
[EventDate "2016.02.26"]
[EventType "swiss"]
[EventRounds "9"]
[EventCountry "GER"]
[SourceTitle "EXT 2019"]
[Source "ChessBase"]
[SourceDate "2018.10.10"]
[SourceVersion "1"]
[SourceVersionDate "2018.10.10"]
[SourceQuality "1"]

1. d4 d6 2. c4 Nf6 3. Nc3 g6 4. e4 Bg7 5. Nge2 0-0 6. Ng3 Nbd7 7. Be2 e5 8. d5 a5 9. h4 h5 10. Bg5 Qe8 11. Nb5 Qd8 12. Bxh5 c6 13. dxc6 bxc6 14. Nxd6 Qb6 15. Be2 Qxb2 16. 0-0 Nc5 17. Be3 Nfd7 18. Bg4 Rd8 19. Nxf7 Kxf7 20. Bxc5 Qb7 21. Qd6 Nxc5 22. Qxd8 Bxg4 23. Qg5 Qd7 24. f3 Qd4+ 25. Kh2 Be6 26. h5 Bf6 27. Qxg6+ Ke7 28. Qh7+ Kd6 29. Rfd1 Nd3 30. Qg6 Rf8 31. Qh7 Bh4 32. Ne2 Qe3 33. c5+ 1-0

[Event "GER-chA Seniors 27th"]
[Site "Magdeburg"]
[Date "2015.08.22"]
[Round "8"]
[White "Boldt, Heinrich"]
[Black "Thonig, Manfred"]
[Result "1-0"]
[WhiteElo "1883"]
[BlackElo "1668"]
[PlyCount "101"]
[EventDate "2015.08.15"]
[EventType "swiss"]
[EventRounds "9"]
[EventCountry "GER"]
[SourceTitle "EXT 2018"]
[Source "ChessBase"]
[SourceDate "2017.10.13"]
[SourceVersion "1"]
[SourceVersionDate "2017.10.13"]
[SourceQuality "1"]

1. d4 e6 2. e4 g6 3. Bd3 Bg7 4. Nf3 Ne7 5. h4 h5 6. Be3 b6 7. Nbd2 Bb7 8. c4 d6 9. Ng5 Nd7 10. 0-0 0-0 11. Rc1 Rc8 12. Be2 Bf6 13. g4 Bxg5 14. Bxg5 f6 15. Be3 Qe8 16. gxh5 Kh7 17. hxg6+ Qxg6+ 18. Kh2 Rg8 19. Rg1 Qxg1+ 20. Qxg1 Rxg1 21. Rxg1 f5 22. Bg5 Ng8 23. Bd3 Rf8 24. f4 Rf7 25. Re1 Ne7 26. Bxe7 Rxe7 27. exf5 Nf6 28. Rxe6 Rf7 29. d5 Ng4+ 30. Kg3 Nf6 31. Nf3 Nh5+ 32. Kf2 Kg8 33. Rg6+ Kf8 34. Ke3 Re7+ 35. Re6 Bc8 36. Rxe7 Kxe7 37. Ng5 Nf6 38. Ne6 Kd7 39. Ng5 Ke7 40. Kf3 Nh5 41. b4 Ng7 42. Ne6 Ne8 43. Kg4 Kf6 44. h5 a6 45. h6 Bxe6 46. fxe6 c6 47. h7 Kg7 48. Kg5 cxd5 49. cxd5 b5 50. f5 Nf6 51. h8Q+ 1-0

[Event "GER-chA Seniors 27th"]
[Site "Magdeburg"]
[Date "2015.08.16"]
[Round "2"]
[White "Boldt, Heinrich"]
[Black "Heise, Juergen"]
[Result "1/2-1/2"]
[WhiteElo "1883"]
[BlackElo "2019"]
[PlyCount "39"]
[EventDate "2015.08.15"]
[EventType "swiss"]
[EventRounds "9"]
[EventCountry "GER"]
[SourceTitle "EXT 2018"]
[Source "ChessBase"]
[SourceDate "2017.10.13"]
[SourceVersion "1"]
[SourceVersionDate "2017.10.13"]
[SourceQuality "1"]

1. d4 Nf6 2. Nc3 g6 3. e4 d6 4. Be2 Bg7 5. Be3 c6 6. Qd2 0-0 7. h3 b5 8. a3 Nbd7 9. Rd1 Bb7 10. Bf3 Nb6 11. b3 Qc7 12. Nge2 a5 13. Nb1 Rfd8 14. Bh6 Bh8 15. h4 c5 16. d5 Nbd7 17. h5 Ne5 18. hxg6 Nxf3+ 19. gxf3 fxg6 20. Nf4 1/2-1/2

[Event "Bayern-ch Seniors op 27th"]
[Site "Bergen"]
[Date "2015.06.15"]
[Round "8"]
[White "Knollmueller, Peter"]
[Black "Boldt, Heinrich"]
[Result "1/2-1/2"]
[WhiteElo "1838"]
[BlackElo "1682"]
[PlyCount "66"]
[EventDate "2015.06.15"]
[EventType "swiss"]
[EventRounds "9"]
[EventCountry "GER"]
[SourceTitle "EXT 2019"]
[Source "ChessBase"]
[SourceDate "2018.10.10"]
[SourceVersion "1"]
[SourceVersionDate "2018.10.10"]
[SourceQuality "1"]

1. d4 c6 2. c4 d6 3. Nf3 Qc7 4. Bf4 Nf6 5. h3 Ne4 6. e3 Qa5+ 7. Nbd2 Nxd2 8. Nxd2 Nd7 9. a3 e5 10. b4 Qd8 11. Bg3 g6 12. Be2 Bg7 13. Nf3 0-0 14. 0-0 a5 15. Qc2 Qf6 16. Bh4 Qe6 17. Ng5 Qe7 18. Nf3 Bf6 19. Bg3 axb4 20. axb4 Rxa1 21. Rxa1 exd4 22. exd4 c5 23. bxc5 dxc5 24. Rd1 Re8 25. Bf1 cxd4 26. Nxd4 Qe4 27. Qxe4 Rxe4 28. Nb5 Nb6 29. c5 Nc4 30. f3 Nb2 31. Nd6 Nxd1 32. Nxe4 Bd4+ 33. Kh2 Be6 1/2-1/2

[Event "Bayern-ch op Seniors 26th"]
[Site "Bergen"]
[Date "2014.06.25"]
[Round "5"]
[White "Boldt, Heinrich"]
[Black "Kochseder, Georg"]
[Result "1/2-1/2"]
[WhiteElo "1701"]
[BlackElo "1892"]
[PlyCount "47"]
[EventDate "2014.06.21"]
[EventType "swiss"]
[EventRounds "7"]
[EventCountry "GER"]
[SourceTitle "EXT 2018"]
[Source "ChessBase"]
[SourceDate "2017.10.13"]
[SourceVersion "1"]
[SourceVersionDate "2017.10.13"]
[SourceQuality "1"]

1. d4 Nf6 2. Nf3 g6 3. c4 Bg7 4. Nc3 d6 5. e4 0-0 6. Be2 Nbd7 7. 0-0 e5 8. dxe5 dxe5 9. Bg5 c6 10. Qc2 Qc7 11. b4 Re8 12. Rac1 Nf8 13. Rfd1 Bg4 14. h3 Bxf3 15. Bxf3 Ne6 16. Be3 Red8 17. Ne2 b6 18. c5 b5 19. Rxd8+ Rxd8 20. Rd1 Bf8 21. Rxd8 Qxd8 22. Kf1 Qc7 23. Qd2 h5 24. g3 1/2-1/2

[Event "Bad Woerishofen Seniors op 30th"]
[Site "Bad Woerishofen"]
[Date "2014.03.21"]
[Round "1"]
[White "Boldt, Heinrich"]
[Black "Schulz, Franz"]
[Result "1-0"]
[WhiteElo "1922"]
[BlackElo "1670"]
[PlyCount "125"]
[EventDate "2014.03.21"]
[EventType "swiss"]
[EventRounds "9"]
[EventCountry "GER"]
[SourceTitle "EXT 2019"]
[Source "ChessBase"]
[SourceDate "2018.10.10"]
[SourceVersion "1"]
[SourceVersionDate "2018.10.10"]
[SourceQuality "1"]

1. Nf3 Nf6 2. g3 d5 3. Bg2 c6 4. 0-0 Bf5 5. d3 h6 6. Nbd2 Nbd7 7. c4 e6 8. a3 a5 9. Re1 Be7 10. b3 0-0 11. Bb2 Re8 12. e4 dxe4 13. dxe4 Bg4 14. Qc2 Bxf3 15. Nxf3 Nh7 16. e5 Nhf8 17. h4 Qc7 18. Rad1 Red8 19. h5 Nc5 20. Bc3 Qb6 21. b4 axb4 22. axb4 Na6 23. c5 Qc7 24. Ra1 Qb8 25. Nd2 Nc7 26. Nc4 Rxa1 27. Rxa1 Nb5 28. Nd6 Bxd6 29. exd6 Nxc3 30. Qxc3 Nd7 31. Bf3 Rc8 32. Qe3 b6 33. Rc1 bxc5 34. bxc5 Qb4 35. g4 Qb2 36. Rc3 Qa1+ 37. Kg2 Qa5 38. Rc4 Qd8 39. Be2 Nf6 40. f4 Nd5 41. Qg3 f6 42. Qd3 Qd7 43. Kg3 Re8 44. Re4 Qf7 45. Bd1 f5 46. gxf5 Qxf5 47. Bg4 Qf6 48. Qd4 Qxd4 49. Rxd4 Kf7 50. Ra4 Rd8 51. Ra7+ Kf6 52. Bf3 Nb4 53. Rc7 g6 54. hxg6 Kxg6 55. Bxc6 Na6 56. Be4+ Kf6 57. Rc6 Nb8 58. Rb6 Rc8 59. Rxb8 Rxb8 60. c6 Rb3+ 61. Kh4 Rc3 62. c7 e5 63. d7 1-0

[Event "Bayern-ch Seniors 25th"]
[Site "Bergen"]
[Date "2013.06.21"]
[Round "8.18"]
[White "Boldt, Heinrich"]
[Black "Fels, Karl Heinz"]
[Result "1/2-1/2"]
[WhiteElo "1772"]
[BlackElo "1676"]
[PlyCount "79"]
[EventDate "2013.06.15"]
[EventType "swiss"]
[EventRounds "9"]
[EventCountry "GER"]
[SourceTitle "EXT 2022"]
[Source "ChessBase"]
[SourceDate "2021.10.06"]
[SourceVersion "1"]
[SourceVersionDate "2021.10.06"]
[SourceQuality "1"]

1. d4 Nf6 2. Nf3 d5 3. Bg5 e6 4. e3 Be7 5. Bd3 0-0 6. Nbd2 h6 7. Bh4 Nbd7 8. h3 c5 9. c3 c4 10. Bc2 b5 11. a3 Bb7 12. Bg3 a5 13. Qe2 Ne4 14. Nxe4 dxe4 15. Nd2 f5 16. a4 Ba6 17. axb5 Bxb5 18. Ba4 Bxa4 19. Rxa4 Nb6 20. Ra2 Qc8 21. 0-0 a4 22. Rfa1 Qc6 23. f3 exf3 24. Nxf3 Bd6 25. Bxd6 Qxd6 26. Ne5 Rfc8 27. e4 fxe4 28. Qxe4 Qd5 29. Re1 Rd8 30. Raa1 Qxe4 31. Rxe4 Rd6 32. h4 Rf8 33. Rae1 Kh7 34. h5 Re8 35. g3 Re7 36. Kg2 Re8 37. Kh3 Rd5 38. Kh4 Rd6 39. Ng6 Nd5 40. Rxe6 1/2-1/2

[Event "Bayern-ch Seniors 25th"]
[Site "Bergen"]
[Date "2013.06.18"]
[Round "5.20"]
[White "Niedermaier, Peter"]
[Black "Boldt, Heinrich"]
[Result "1-0"]
[WhiteElo "1626"]
[BlackElo "1772"]
[PlyCount "34"]
[EventDate "2013.06.15"]
[EventType "swiss"]
[EventRounds "9"]
[EventCountry "GER"]
[SourceTitle "EXT 2022"]
[Source "ChessBase"]
[SourceDate "2021.10.06"]
[SourceVersion "1"]
[SourceVersionDate "2021.10.06"]
[SourceQuality "1"]

1. e4 c5 2. Nf3 Nc6 3. d4 cxd4 4. Nxd4 g6 5. Nc3 Bg7 6. Be3 d6 7. Be2 Nf6 8. 0-0 0-0 9. f4 e5 10. Ndb5 Qa5 11. Qxd6 exf4 12. Qxf4 Be6 13. Nc7 Rac8 14. Nxe6 fxe6 15. Qd6 Rfe8 16. a3 Re7 17. Qg3 Rd8 1-0

[Event "Bayern-ch Seniors 25th"]
[Site "Bergen"]
[Date "2013.06.17"]
[Round "3.24"]
[White "Peiberg, Ehrhard"]
[Black "Boldt, Heinrich"]
[Result "0-1"]
[WhiteElo "1602"]
[BlackElo "1772"]
[PlyCount "88"]
[EventDate "2013.06.15"]
[EventType "swiss"]
[EventRounds "9"]
[EventCountry "GER"]
[SourceTitle "EXT 2022"]
[Source "ChessBase"]
[SourceDate "2021.10.06"]
[SourceVersion "1"]
[SourceVersionDate "2021.10.06"]
[SourceQuality "1"]

1. d4 d5 2. c4 c6 3. cxd5 cxd5 4. Nc3 Nf6 5. Nf3 Nc6 6. Bf4 Qb6 7. Na4 Qb4+ 8. Bd2 Qd6 9. Rc1 Ne4 10. e3 Bf5 11. Be2 g6 12. 0-0 Bg7 13. Be1 0-0 14. Nh4 Bd7 15. Nc5 Nxc5 16. Rxc5 Rac8 17. Qb3 e6 18. Bd2 Rc7 19. Rfc1 Rfc8 20. Qd1 e5 21. Bc3 b6 22. Rb5 exd4 23. Bd2 dxe3 24. Bxe3 d4 25. Bf3 Qe7 26. Bf4 Ne5 27. Rxc7 Rxc7 28. Rd5 Nxf3+ 29. Nxf3 Rc5 30. Bd6 Qe6 31. Bxc5 Qxd5 32. Bxd4 Bg4 33. Qa4 b5 34. Qxa7 Bxf3 35. Qb8+ Bf8 36. Qe5 Qxe5 37. Bxe5 Bd5 38. a3 Bg7 39. Bc3 Bxc3 40. bxc3 Kg7 41. f3 Kf6 42. Kf2 Ke5 43. Ke3 f5 44. f4+ Kd6 0-1

[Event "Bayern-ch Seniors 25th"]
[Site "Bergen"]
[Date "2013.06.16"]
[Round "2.4"]
[White "Boldt, Heinrich"]
[Black "Urytskyy, Arkadiy"]
[Result "0-1"]
[WhiteElo "1772"]
[BlackElo "2023"]
[PlyCount "62"]
[EventDate "2013.06.15"]
[EventType "swiss"]
[EventRounds "9"]
[EventCountry "GER"]
[SourceTitle "EXT 2022"]
[Source "ChessBase"]
[SourceDate "2021.10.06"]
[SourceVersion "1"]
[SourceVersionDate "2021.10.06"]
[SourceQuality "1"]

1. d4 Nf6 2. Nf3 g6 3. c4 Bg7 4. g3 0-0 5. Bg2 d6 6. Nc3 Nbd7 7. 0-0 c6 8. e4 e5 9. dxe5 dxe5 10. Qc2 Re8 11. Bg5 Nf8 12. Rad1 Qe7 13. a3 Bg4 14. h3 Bxf3 15. Bxf3 Ne6 16. Be3 h6 17. b4 Nh7 18. Qc1 Nd4 19. Bg2 Qe6 20. c5 Qc4 21. Rfe1 Red8 22. Kh1 a5 23. Qb2 Ng5 24. Bxg5 hxg5 25. Na4 axb4 26. Nb6 bxa3 27. Qa1 Qxc5 28. Nxa8 Rxa8 29. Rc1 Qd6 30. Re3 b5 31. Bf1 b4 0-1

[Event "Merano Gold Cup 41st"]
[Site "Merano"]
[Date "2013.04.??"]
[Round "2"]
[White "Boldt, Heinrich"]
[Black "Achenbach, Manfred"]
[Result "0-1"]
[WhiteElo "1929"]
[BlackElo "2147"]
[PlyCount "36"]
[EventDate "2013.04.19"]
[EventType "swiss"]
[EventRounds "9"]
[EventCountry "ITA"]
[SourceTitle "EXT 2015"]
[Source "ChessBase"]
[SourceDate "2014.11.20"]
[SourceVersion "1"]
[SourceVersionDate "2014.11.20"]
[SourceQuality "1"]

1. d4 c5 2. d5 e5 3. c4 d6 4. e4 Be7 5. Ne2 Nd7 6. Nbc3 Ngf6 7. Ng3 Nf8 8. Be2 Ng6 9. Nh5 0-0 10. Bg5 Nxh5 11. Bxe7 Qxe7 12. Bxh5 Qg5 13. g3 Bh3 14. Be2 a6 15. Qd2 Qe7 16. a4 f5 17. Bh5 fxe4 18. Nxe4 Bg2 0-1